000 00560nam a22002057a 4500
003 koha_MIRAKIL
005 20231213100146.0
008 231213b |||||||| |||| 00| 0 ||| d
020 _b978-9-75210839-4
040 _aTR-IsEVY
_btur
_cTR-IsEVY
082 _aFIC İÇÖ/Ç
100 _aİçözü, Nur.
245 0 _aÇiçektop'tan haber var
250 _a8. bs.
260 _bAltın Kitaplar Yayınevi,
_c2013
300 _a48 s.
650 _aChildren's literature -- Short stories.
650 _aÇocuk edebiyatı -- Hikayeler.
942 _2ddc
_cBK
999 _c15450
_d15450